| 000 | 01108 a2200193 4500 | ||
|---|---|---|---|
| 003 | Nust | ||
| 005 | 20221202182604.0 | ||
| 040 | _cNust | ||
| 082 | _a621.381528,AMO | ||
| 100 |
_aAmos, Stanley William _9104053 |
||
| 245 |
_aPrinciples of transistor circuits; _bintroduction to the design of amplifiers, receivers, and other circuits / _cS. W. Amos |
||
| 250 | _a2nd ed | ||
| 260 |
_aF. Rider _bNew York _c1961 |
||
| 300 |
_a210 p _billus _c22 cm |
||
| 505 | _aSemiconductors And Junction Diodes (Page-1), Basic Principles Of Junction Transistors (Page-19), Common Base Amplifiers (Page-37), Common Emitter Amplifiers (Page-53), Common Collector Amplifiers (Page-67), Bias Stabilization (Page-78), Small Signal AF Amplifiers (Page-94), IF Amplifiers (Page-106), Pulse Amplifiers (Page-126), Large Signal AF Receivers (Page-136), Am And Fm Receivers (Page-150), Multivibrators (Page-171), Further Applications Of Junction Diodes And Transistors (Page-185), Further Semiconductor Devices (Page-198). | ||
| 600 |
_aAmos, Stanley William _9104053 |
||
| 650 | _aTelecommunication Engineering | ||
| 942 |
_2ddc _cBK |
||
| 999 |
_c182367 _d182367 |
||